Standard definition (Record no. 77991)

MARC details
000 -LEADER
fixed length control field 00871cab a22001935a 4500
001 - CONTROL NUMBER
control field L135786
008 - FIXED-LENGTH DATA ELEMENTS--GENERAL INFORMATION
fixed length control field 061211s2006 xxk f 000 0 eng d
035 ## - SYSTEM CONTROL NUMBER
System control number (Sirsi) u135786
041 0# - LANGUAGE CODE
Language code of text/sound track or separate title eng
100 1# - MAIN ENTRY--PERSONAL NAME
Personal name Mitchell, Stan
245 0# - TITLE STATEMENT
Title Standard definition
260 ## - PUBLICATION, DISTRIBUTION, ETC.
Date of publication, distribution, etc. 2006
490 #0 - SERIES STATEMENT
Series statement Premises and Facilities Management
Volume/sequential designation October 2006, 66-68(3)
520 ## - SUMMARY, ETC.
Summary, etc. Explores why standards are vital for developing best practice in facilities management, and its status as a profession. Standards, in the widest sense have already been established and have influenced the progress of the facilities management market. Claims that to be a professional discipline, facilities management should take ownership and be proactive in terms of establishing standards.
590 ## - LOCAL NOTE (RLIN)
Local note KA
651 #4 - SUBJECT ADDED ENTRY--GEOGRAPHIC NAME
Geographic name United Kingdom
Chronological subdivision
690 ## - LOCAL SUBJECT ADDED ENTRY--TOPICAL TERM (OCLC, RLIN)
Topical term or geographic name as entry element MANAGEMENT-FACILITIES MANAGEMENT
942 ## - ADDED ENTRY ELEMENTS (KOHA)
Suppress in OPAC 0
Holdings
Withdrawn status Lost status Source of classification or shelving scheme Damaged status Not for loan Home library Current library Shelving location Date acquired Total Checkouts Full call number Barcode Date last seen Copy number Price effective from Koha item type
    Dewey Decimal Classification     London London Journal article 11/12/2006   L135786 135786-1001 06/08/2019 1 06/08/2019 Journal article
    Dewey Decimal Classification     London London Journal article 11/12/2006   L135786 135786-1002 06/08/2019 2 06/08/2019 Journal article
    Dewey Decimal Classification     London London Journal article 12/12/2006   L135786 135786-1003 06/08/2019 3 06/08/2019 Journal article